<?xml version="1.0" encoding="UTF-8"?>
<record
    xmlns:xsi="http://www.w3.org/2001/XMLSchema-instance"
    xsi:schemaLocation="http://www.loc.gov/MARC21/slim http://www.loc.gov/standards/marcxml/schema/MARC21slim.xsd"
    xmlns="http://www.loc.gov/MARC21/slim">

  <leader>01083nam a22002177a 4500</leader>
  <controlfield tag="001">10064</controlfield>
  <controlfield tag="003">FISKH</controlfield>
  <controlfield tag="005">20260402162339.0</controlfield>
  <controlfield tag="008">260402b        cb ||||| |||| 00| 0 eng d</controlfield>
  <datafield tag="020" ind1=" " ind2=" ">
    <subfield code="a">9780008160043</subfield>
  </datafield>
  <datafield tag="040" ind1=" " ind2=" ">
    <subfield code="a">FISKH</subfield>
    <subfield code="b">eng</subfield>
    <subfield code="c">FISKH</subfield>
    <subfield code="d">FISKH</subfield>
  </datafield>
  <datafield tag="082" ind1=" " ind2=" ">
    <subfield code="a">510.76</subfield>
  </datafield>
  <datafield tag="100" ind1=" " ind2=" ">
    <subfield code="a">Clarke, Peter </subfield>
  </datafield>
  <datafield tag="245" ind1=" " ind2=" ">
    <subfield code="a">Collins international primary maths workbook 6 /</subfield>
  </datafield>
  <datafield tag="260" ind1=" " ind2=" ">
    <subfield code="a">London : </subfield>
    <subfield code="b">Harpercollins, </subfield>
    <subfield code="c">2016.</subfield>
  </datafield>
  <datafield tag="300" ind1=" " ind2=" ">
    <subfield code="a">123 pages : </subfield>
    <subfield code="b">color illustrations ; </subfield>
    <subfield code="c">27 cm </subfield>
  </datafield>
  <datafield tag="520" ind1=" " ind2=" ">
    <subfield code="a">Collins International Primary Maths supports best practice in primary maths teaching, whilst encouraging teacher professionalism and autonomy. A wealth of supporting digital assets are provided for every lesson, including slideshows, animations, tools and games to ensure they are rich, lively and engaging. Each Workbook page has three levels of challenge which allow learners to practise and consolidate their newly acquired knowledge, skills and understanding of the mathematics they are learning.</subfield>
  </datafield>
  <datafield tag="650" ind1=" " ind2=" ">
    <subfield code="a">Mathematic Book </subfield>
    <subfield code="v">Secondary </subfield>
  </datafield>
  <datafield tag="942" ind1=" " ind2=" ">
    <subfield code="2">ddc</subfield>
    <subfield code="c">BK</subfield>
    <subfield code="n">0</subfield>
  </datafield>
  <datafield tag="999" ind1=" " ind2=" ">
    <subfield code="c">10064</subfield>
    <subfield code="d">10064</subfield>
  </datafield>
  <datafield tag="952" ind1=" " ind2=" ">
    <subfield code="0">0</subfield>
    <subfield code="1">0</subfield>
    <subfield code="2">ddc</subfield>
    <subfield code="4">0</subfield>
    <subfield code="7">0</subfield>
    <subfield code="8">REF</subfield>
    <subfield code="a">002</subfield>
    <subfield code="b">002</subfield>
    <subfield code="c">LSHTTP</subfield>
    <subfield code="d">2026-04-02</subfield>
    <subfield code="l">0</subfield>
    <subfield code="o">CLA 510.76 </subfield>
    <subfield code="p">2026-0445</subfield>
    <subfield code="r">2026-04-02 16:23:36</subfield>
    <subfield code="t">1</subfield>
    <subfield code="w">2026-04-02</subfield>
    <subfield code="y">BK</subfield>
  </datafield>
</record>
